ბათუმის შოთა რუსთაველის სახელმწიფო უნივერსიტეტის ბიბლიოთეკა

Dictionaire : (ბიბ.ჩანაწერი № 41206)

000 -LEADER
fixed length control field 00754nam a2200241Ia 4500
001 - CONTROL NUMBER
control field 7858
003 - CONTROL NUMBER IDENTIFIER
control field GE_BSU
005 - DATE AND TIME OF LATEST TRANSACTION
control field 20220927121831.0
008 - FIXED-LENGTH DATA ELEMENTS--GENERAL INFORMATION
fixed length control field 181216s2010fr xx |||||||||||||| ||fre||
020 ## - INTERNATIONAL STANDARD BOOK NUMBER
International Standard Book Number 9782849025888
040 ## - CATALOGING SOURCE
Transcribing agency GE_BSU
041 ## - LANGUAGE CODE
Language code of text/sound track or separate title fre, eng
080 ## - UNIVERSAL DECIMAL CLASSIFICATION NUMBER
Universal Decimal Classification number 81'374.822+811.133.1+811.111(038) D-84
100 ## - MAIN ENTRY--PERSONAL NAME
Personal name Collins,Robert
9 (RLIN) 14848
245 ## - TITLE STATEMENT
Title Dictionaire :
Remainder of title Français-anglais,anglais-Français /
Statement of responsibility, etc. Robert Collins
260 ## - PUBLICATION, DISTRIBUTION, ETC.
Place of publication, distribution, etc. Paris
264 ## - PRODUCTION, PUBLICATION, DISTRIBUTION, MANUFACTURE, AND COPYRIGHT NOTICE
Place of production, publication, distribution, manufacture Paris :
Name of producer, publisher, distributor, manufacturer Reprint,
Date of production, publication, distribution, manufacture, or copyright notice 2010.
300 ## - PHYSICAL DESCRIPTION
Extent 2219 p.:
Other physical details map;
Dimensions 28 cm.
653 ## - INDEX TERM--UNCONTROLLED
keyword Dictionaire
653 ## - INDEX TERM--UNCONTROLLED
keyword Français-anglais,anglais-Français
653 ## - INDEX TERM--UNCONTROLLED
keyword ფრანგულ-ინგლისური, ინგლისურ-ფრანგული
942 ## - ADDED ENTRY ELEMENTS (KOHA)
Koha item type წიგნი
Source of classification or shelving scheme
ეგზემპლარები
Withdrawn status Lost status Source of classification or shelving scheme Damaged status Not for loan Permanent Location Current Location Shelving location Date acquired Cost, normal purchase price Full call number Barcode Date last seen Copy number Price effective from Koha item type Public note
          ბათუმის შოთა რუსთაველის სახელმწიფო უნივერსიტეტის მთავარი ბიბლიოთეკა ბათუმის შოთა რუსთაველის სახელმწიფო უნივერსიტეტის მთავარი ბიბლიოთეკა წიგნსაცავი 2018-12-17 238.00 81'374.822+811.133.1+811.111(038) D-84 24203 2018-12-17 24203 2018-12-17 წიგნი 238gel.